000 00418nam a2200169Ia 4500
003 GCL
008 140319s9999 xx 000 0 eng d
040 _aGCL /
_cGCL
082 0 4 _aCC
_b932
_bB G
100 1 _aBUDGE, WALLIS
245 1 0 _aTHE GODS OF THE EGYTIANS /
_cBUDGE, WALLIS
260 _a[S.N] :
_bDOVER PUBLICATIONS
300 _a525+431
650 0 4 _aRELIGION
650 0 4 _aANCIENT EGYPT
942 _2ddc
_cBK
999 _c11262
_d11262